| Tag |
First Indicator |
Second Indicator |
Subfields |
| LEADER |
00000cam a2200000 a 4500 |
| 001 |
in00000084308 |
| 005 |
20151008061323.0 |
| 008 |
761129s1976 dcua 00010 engm |
| 010 |
|
|
|a 76150405
|
| 035 |
|
|
|a (OCoLC)02644691
|
| 035 |
|
|
|9 AAJ7807AM
|
| 040 |
|
|
|a DLC
|c DLC
|d m.c.
|d TXA
|d UtOrBLW
|
| 043 |
|
|
|a n-us-pa
|
| 049 |
|
|
|a TXAM
|c [1196750]
|
| 050 |
0 |
0 |
|a HC108.P88
|b U7 1976
|
| 082 |
0 |
|
|a 338/.09748/12
|
| 245 |
0 |
0 |
|a Pottstown, Pennsylvania :
|b an evaluation of the economic and industrial development potentials for the Ad Hoc Committee on the Bethlehem Steel Closing, Pottstown, Pennsylvania, June 6-11, 1976 : a panel service report /
|c by ULI--the Urban Land Institute.
|
| 264 |
|
1 |
|a Washington, D.C. :
|b ULI,
|c [1976]
|
| 264 |
|
4 |
|c ©1976
|
| 300 |
|
|
|a 33 pages :
|b illustrations ;
|c 28 cm.
|
| 336 |
|
|
|a text
|b txt
|2 rdacontent
|
| 337 |
|
|
|a unmediated
|b n
|2 rdamedia
|
| 338 |
|
|
|a volume
|b nc
|2 rdacarrier
|
| 650 |
|
0 |
|a Urban renewal
|z Pennsylvania
|z Pottstown.
|
| 651 |
|
0 |
|a Pottstown (Pa.)
|x Economic conditions.
|
| 651 |
|
0 |
|a Pottstown (Pa.)
|x Industries.
|
| 710 |
2 |
|
|a Urban Land Institute.
|
| 710 |
2 |
|
|a Ad Hoc Committee on the Bethlehem Steel Closing.
|
| 999 |
|
|
|a MARS
|
| 999 |
f |
f |
|s abaacbbb-9e24-3a61-8b12-ed142b882711
|i 29beb17b-9257-340c-84c5-93efe3122318
|t 0
|
| 952 |
f |
f |
|p ric
|a Texas A&M University
|b Rellis Campus
|c Joint Library Facility
|d Remote Storage
|t 0
|e HC108.P88 U7 1976
|h Library of Congress classification
|i unmediated -- volume
|m A14806121796
|
| 998 |
f |
f |
|a HC108.P88 U7 1976
|t 0
|l Remote Storage
|